Hlavnou úlohou Poľska bude reštrukturalizácia jeho pôdohospodárstva

Stav poľského poľnohospodárstva. Nízka produktivita roľníckych hospodárstiev. Slabá pripravenosť poľnohospodárskeho sektora na vstup Poľska do Európskej únie a konkurenčné tlaky. Požadovaná reforma poľnohospodárstva a problémy s jej presadzovaním.

Gespeichert in:
Bibliographische Detailangaben
Format: Buchkapitel
Sprache:Slowakisch
Schlagworte:
Tags: Tag hinzufügen
Keine Tags, Fügen Sie das erste Tag hinzu!

MARC

LEADER 00000naa a2200000 4500
001 r037992
005 20230824105201.2
041 0 |a slo 
044 |a SK 
245 1 0 |a Hlavnou úlohou Poľska bude reštrukturalizácia jeho pôdohospodárstva 
520 |a Stav poľského poľnohospodárstva. Nízka produktivita roľníckych hospodárstiev. Slabá pripravenosť poľnohospodárskeho sektora na vstup Poľska do Európskej únie a konkurenčné tlaky. Požadovaná reforma poľnohospodárstva a problémy s jej presadzovaním. 
610 2 0 |a poľnohospodárstvo 
610 2 0 |a Poľsko 
610 2 0 |a reformy poľnohospodárske 
610 2 0 |a reštrukturalizácia 
610 2 0 |a pôdohospodárstvo 
610 2 0 |a roľníci 
610 2 0 |a produktivita 
610 2 0 |a integrácia ekonomická medzinárodná 
610 2 0 |a Európska únia